Armed conflicts in south asia 2009: (Record no. 39838)

MARC details
000 -LEADER
fixed length control field 01020nam a22002777a 4500
008 - FIXED-LENGTH DATA ELEMENTS--GENERAL INFORMATION
fixed length control field 081212t xxu||||| |||| 00| 0beng d
010 ## - LCCN (DPL NO)
LC control number ENG-98677
020 ## - INTERNATIONAL STANDARD BOOK NUMBER
Terms of availability 595.00
International Standard Book Number 9780415564441
035 ## - SYSTEM CONTROL NUMBER
System control number EN-82209
037 ## - SOURCE OF ACQUISITION
Source of stock number/acquisition DBAD / PUB
040 ## - CATALOGING SOURCE
Original cataloging agency dpl
Language of cataloging English
082 ## - DEWEY DECIMAL CLASSIFICATION NUMBER
Classification number 355.020954
100 ## - MAIN ENTRY--PERSONAL NAME
9 (RLIN) 3724
245 ## - TITLE STATEMENT
Title Armed conflicts in south asia 2009:
Statement of responsibility, etc edited by D. Suba Chandran [and] P.R. Chari
Remainder of title continuing violence, failing peace processes/
260 ## - PUBLICATION, DISTRIBUTION, ETC. (IMPRINT)
Place of publication, distribution, etc New Delhi
Name of publisher, distributor, etc Routledge
Date of publication, distribution, etc 2010
270 ## - ADDRESS
Address 912-915 Tolstoy House, 15-17 Tolstoy Marg,
City New Delhi
Postal code 110001
300 ## - PHYSICAL DESCRIPTION
Extent xiii, 240p.
Dimensions 22cm (Hb)
500 ## - GENERAL NOTE
General note Includes index
505 ## - FORMATTED CONTENTS NOTE
Formatted contents note
600 ## - SUBJECT ADDED ENTRY--PERSONAL NAME
Personal name Baba Visakha Singh
General subdivision Biography.
9 (RLIN) 3725
650 ## - SUBJECT ADDED ENTRY--TOPICAL TERM
9 (RLIN) 7590
700 ## - ADDED ENTRY--PERSONAL NAME
9 (RLIN) 6162
Personal name Chandran, Suba D.
700 ## - ADDED ENTRY--PERSONAL NAME
Personal name Chari, P.R.
9 (RLIN) 7860
942 ## - ADDED ENTRY ELEMENTS (KOHA)
Source of classification or shelving scheme Dewey Decimal Classification
Item type English Books
Call number suffix ARM
Classification part 355.020954
Holdings
Withdrawn status Lost status Source of classification or shelving scheme Damaged status Not for loan Collection code Home library Current library Date acquired Source of acquisition Cost, normal purchase price Total Checkouts Full call number Barcode Date last seen Copy number Cost, replacement price Koha item type
    Dewey Decimal Classification   Not For Loan Non-fiction D.B.Act.Division D.B.Act.Division 06/08/2010 DBAD/PUB 595.00   355.020954 ARM EN-82209 06/08/2010 1 595.00 English Books

© Delhi Public Library
Hit Counter
free hit counter